Normal view
MARC view
- Atlas
Entry Personal Name
001 - CONTROL NUMBER
- control field: 66254
003 - CONTROL NUMBER IDENTIFIER
- control field: NUST
005 - DATE AND TIME OF LATEST TRANSACTION
- control field: 20210628203546.0
008 - FIXED-LENGTH DATA ELEMENTS
- fixed length control field: 210628|| aca||aabn | a|a d
040 ## - CATALOGING SOURCE
- Original cataloging agency: NUST
- Transcribing agency: NUST
100 ## - HEADING--PERSONAL NAME
- Personal name: Atlas
670 ## - SOURCE DATA FOUND
- Source citation: Work cat.: (NUST): Atlas, Junior school atlas, 2003
